| 000 | 00505nam a2200157 a 4500 | ||
|---|---|---|---|
| 001 | 000013545 | ||
| 005 | 20240320074001.0 | ||
| 008 | 100903s2001 dr 001 0 spa d | ||
| 040 |
_aDO-SdBNP _bspa _cBNPHU |
||
| 082 |
_axxxx _bxxxxx |
||
| 100 | 1 |
_aBello Peguero, Rafael, _d1932-2022 _92405 |
|
| 245 | 1 | 3 |
_aEl Arzobispo Mena / _cRafael Bello Peguero ; introducción José L. Sáez. |
| 260 |
_aSanto Domingo : _bAmigo del Hogar, _c2001. |
||
| 300 |
_a64 p. ; _c21 cm. |
||
| 700 | 1 |
_aSáez, José L. _eintr. _911332 |
|
| 999 |
_c13168 _d13168 |
||